000 00462nam a2200193Ia 4500
005 20230912101407.0
008 131103s9999 xx 000 0 und d
020 _a552093521
040 _aLoreto College
041 _aEnglish
082 _aF
_bLAM
100 _aL'Amour,Louis
245 4 _aThe Burning Hills
_cLouis L'Amour
260 _aLondon
_bCorgi Books
_c1956
300 _a115 p.
650 _aFiction in English
850 _aLCLIB
942 _cBK
999 _c14731
_d65210